书目信息 |
| 题名: |
金属工艺学实习
|
|
| 作者: | 郁兆昌 | |
| 分册: | ||
| 出版信息: | 北京 高等教育出版社 2001.07 |
|
| 页数: | 128页 | |
| 开本: | 20cm | |
| 丛书名: | ||
| 单 册: | ||
| 中图分类: | TG-43 | |
| 科图分类: | ||
| 主题词: | 金属学 , 金属加工--工艺 , 金属加工 | |
| 电子资源: | ||
| ISBN: | 7-04-009805-9 | |
| 000 | 00584nam0 2200217 45 | |
| 001 | 0330607038 | |
| 005 | 2003092308300712 | |
| 010 | @a7-04-009805-9@dRMB 11.30 | |
| 100 | @a20030923d2001 km y0chiy0120 ea | |
| 101 | 0 | @achi |
| 102 | @aCN@b110000 | |
| 200 | 1 | @a金属工艺学实习@Ajin shu gong yi xue shi xi@f郁兆昌@Fyu zhao chang |
| 210 | @a北京@c高等教育出版社@d2001.07 | |
| 215 | @a128页@d20cm | |
| 606 | 0 | @a金属学 |
| 606 | 0 | @a金属加工@x工艺 |
| 606 | 0 | @a金属加工 |
| 690 | @aTG-43@v3 | |
| 701 | 0 | @a郁兆昌@Ayu zhao chang |
| 801 | 0 | @aCN@bPFT@c20030923 |
| 905 | @aBZT@dTG-43@e1@f5 | |
| 金属工艺学实习/郁兆昌.-北京:高等教育出版社,2001.07 |
| 128页;20cm |
| ISBN 7-04-009805-9:RMB 11.30 |
| ● |
| 相关链接 |
|
|
|
正题名:金属工艺学实习
索取号:TG-43/1
 
预约/预借
| 序号 | 登录号 | 条形码 | 馆藏地/架位号 | 状态 | 备注 |
| 1 | 0350723 | 200339428 | 教材工具书阅览室/工1架B面2层4列/ [索取号:TG-43/1] | 在馆 | |
| 2 | 0350724 | 200339400 | 教材工具书阅览室/工1架B面2层4列/ [索取号:TG-43/1] | 在馆 | |
| 3 | 0350725 | 200339437 | 教材工具书阅览室/工1架B面2层4列/ [索取号:TG-43/1] | 在馆 | |
| 4 | 0350726 | 200339419 | 教材工具书阅览室/工1架B面2层4列/ [索取号:TG-43/1] | 在馆 | |
| 5 | 0350727 | 200339384 | 教材工具书阅览室/工1架B面2层4列/ [索取号:TG-43/1] | 在馆 |